Sobre las hadas; ensayos de literatura infantil /

Guardado en:
Autor Principal: Schultz de Mantovani, Fryda
Formato: Libro
Publicado: Buenos Aires : Nova, 1974
Edición:2a. ed.
Materias:
Etiquetas: Agregar Etiqueta
Sin Etiquetas, Sea el primero en etiquetar este registro!
LEADER 00532nam a22001935a 4500
001 CEM.cems005901
005 20060214000000.0
008 130507s1974##################000#0#####d
003 CEMS
082 0 4 |a 804 
100 1 |a Schultz de Mantovani, Fryda 
245 1 0 |a Sobre las hadas; ensayos de literatura infantil / 
250 |a 2a. ed. 
260 |a Buenos Aires :  |b Nova,  |c 1974 
300 |a 153 p. 
653 |a Hadas 
653 |a Literatura 
653 |a Literatura infantil 
859 |a CEMS  |b BIB. CEMS - 11 de abril  |h 804  |i Sc83a2  |p 5263.76  |t Ej.1